Statistics for South park: Give life a try - lyrics

Click here to take the quiz!

General Stats

  • This quiz has been taken 71 times
  • The average score is 106 of 158

Answer Stats

Answer% Correct
a
96%
do
96%
don't
96%
give
95%
life
95%
try
95%
I
93%
you
93%
die
91%
Eric
91%
want
89%
we
89%
to
87%
no
80%
go
75%
my
75%
My
75%
be
67%
dad
65%
god
65%
have
65%
oh
65%
sad
64%
even
62%
mom
62%
girlfriend
60%
more
60%
wanna
60%
bein'
58%
live
58%
been
56%
can't
56%
i'm
56%
I've
56%
talk
56%
feeling
53%
in
53%
livin'
53%
school
53%
so
53%
at
51%
quicksand
51%
but
49%
is
49%
what
49%
heart
47%
it's
47%
kewl
47%
on
47%
with
47%
for?
45%
kill
45%
like
45%
screams
45%
understand
45%
guys
44%
please
44%
we'd
42%
you're
42%
myself
40%
around
36%
2:30
35%
gonna
35%
probably
35%
yeah
35%
help
33%
thoughts
33%
all
29%
conflicting
29%
her
29%
hard!
27%
up
27%
drowning
25%
messed
25%
need
25%
battered
24%
sorrow
24%
suffocatin'
24%
tomorow
24%
shelter
22%
wife
20%
Everybody!
13%

Score Distribution

Percentile by Number Answered

Percent of People with Each Score

Your Score History

You have not taken this quiz